Trung Quốc và việc giải quyết cuộc chiến tranh Đông Dương lần thứ nhất Giơnevơ 1954

Những tư liệu phân tích sâu sắc về thái độ của giới cầm quyền Bắc Kinh trong việc giải quyết xung đột lần thứ nhất ở Đông Dương. Vạch rõ chính sách bành trướng đại dân tộc và bá quyền nước lớn của tập đoàn phản động trong giới cầm quyền Trung Quốc đối với ba nước: Việt Nam, Lào, Campuchia...

Szczegółowa specyfikacja

Zapisane w:
Opis bibliograficzny
1. autor: Gioayô, Phơrăngxoa
Format: Książka
Język:Vietnamese
Wydane: H. Thông tin lý luận 1981
Seria:Trường đại học Xoócbon. Viện nghiên cứu lịch sử những vấn đề quan hệ quốc tế hiện nay
Hasła przedmiotowe:
Etykiety: Dodaj etykietę
Nie ma etykietki, Dołącz pierwszą etykiete!
Thư viện lưu trữ: Mạng thư viện Đại học Đà Nẵng
LEADER 01797nam a2200397 4500
001 000006623
003 2781
005 20110916140944.0
008 110915s1981 viesd
020 |c 7500đ 
041 0 |a vie 
082 |a 951.05  |b GIO 
100 1 |a Gioayô, Phơrăngxoa 
245 0 |a Trung Quốc và việc giải quyết cuộc chiến tranh Đông Dương lần thứ nhất  |b Giơnevơ 1954  |c Phơrăngxoa Gioayô 
260 |a H.  |b Thông tin lý luận  |c 1981 
300 |a 386 tr  |c 19 cm 
490 |a Trường đại học Xoócbon. Viện nghiên cứu lịch sử những vấn đề quan hệ quốc tế hiện nay 
520 |a Những tư liệu phân tích sâu sắc về thái độ của giới cầm quyền Bắc Kinh trong việc giải quyết xung đột lần thứ nhất ở Đông Dương. Vạch rõ chính sách bành trướng đại dân tộc và bá quyền nước lớn của tập đoàn phản động trong giới cầm quyền Trung Quốc đối với ba nước: Việt Nam, Lào, Campuchia 
653 |a chiến tranh Đông Dương lần I 
653 |a Trung Quốc 
653 |a Việt nam 
653 |a Campuchia 
653 |a chính sách bành trướng 
653 |a Lào 
700 |a Gioayô, Phơrăngxoa 
910 |a Nguyễn Thị Kim Oanh  |d 15/09/2011 
OWN |a LSP 
AVA |a UDN50  |b LSP  |d 951.05 GIO  |e unavailable  |t Error 5002 Not defined in file expand_doc_bib_avail.  |f 2  |g 2  |h N  |i 0  |k 1 
999 |a From the UDN01 
AVA |a UDN50  |b LSP  |d 951.05 GIO  |e unavailable  |t Error 5002 Not defined in file expand_doc_bib_avail.  |f 2  |g 2  |h N  |i 0  |k 1 
TYP |a Monograph 
TYP |a Printed language 
980 |a Mạng thư viện Đại học Đà Nẵng